000 01483nam0a2200325 4500
001 RU\NLR\bibl\520876
005 20250609144837.0
035 _a(NLR Aleph) 000513277
090 _a1246775
_c1246775
100 _a20040518d2004 |||y0rusy50 ca
101 0 _arus
102 _aRU
105 _aac |||||||||
200 1 _aПрожекторные войска в противоздушной обороне Ленинграда
_fС. А. Зинченко, С. А. Киселев
210 _aСПб.
_cМилена
_d2004
215 _a18, [8] с.
_cил., портр.
_d21
316 _aС автогр. авт.
_5NLR
316 _aавтограф
_5NLR:2004-3/10389
320 _aБиблиогр.: с. 181 (6 назв.)
601 0 1 _aСССР
_bВойска противовоздушной обороны
_bПрожекторные части
_xУчастие в обороне Ленинграда
_z1941 - 1944
_92180932
_3RU\NLR\AUTH\6601548073
606 1 _aПротивовоздушная оборона
_yЛенинград, город
_z1941 - 1944
_91486044
_3RU\NLR\AUTH\66635987
686 1 _aЦ69,6(2Р-4Ле-2Л)0
700 1 _aЗинченко
_bС. А.
_gСергей Александрович
_4070
701 1 _aКиселев
_bС. А.
_gСергей Александрович
_4070
801 0 _aRU
_bNLR
_c20040518
_gPSBO
801 1 _aRU
_bNLR
_c20040518
942 _cBOOK
980 _aNB